[Event "4th ACP World Rapid Cup"]
[Site "Odessa UKR"]
[Date "2010.05.28"]
[Round "3.1"]
[White "Jakovenko,D"]
[Black "Gurevich,M"]
[Result "1-0"]
[WhiteElo "2725"]
[BlackElo "2614"]

1.d4 f5 2.g3 d6 3.Nf3 Nf6 4.Bg2 g6 5.O-O Bg7 6.c4 O-O 7.Nc3 c6 8.b3 Qa5 9.Bb2 e5
10.dxe5 dxe5 11.e4 f4 12.gxf4 Nh5 13.Ne2 Bg4 14.h3 Nxf4 15.Nxf4 Bxf3 16.Bxf3 Rxf4
17.Bg4 Na6 18.Qd6 Raf8 19.Rad1 Kh8 20.a3 Qc5 21.b4 Qxd6 22.Rxd6 Nc7 23.Rd7 R4f7
24.Rfd1 h5 25.Rxf7 Rxf7 26.Bc8 Na6 27.Rd7 Rxd7 28.Bxd7 Nc7 29.c5 Kg8 30.Bc8 b6
31.cxb6 axb6 32.a4 Kf7 33.a5 bxa5 34.bxa5 Ke7 35.a6 Nb5 36.Ba3+ Kd8 37.Be6 Kc7
38.Bc5 g5 39.Bf7 h4 40.Kg2 Nd4 41.Bxd4 exd4 42.Bc4 Bf8 43.Kf3 Bc5 44.Kg4 d3
45.Bxd3 Bxf2 46.Kxg5 Kd6 47.Kf5 Bd4 48.e5+ Ke7 49.Be4 Kd7 50.Kf6 Kc7 51.Ke6 Bc3
52.Kf5 Bd4 53.Kf6 Kd7 54.Bf3 Kc7 55.Kf5 Kd7 56.Ke4 Bb6 57.Be2 Bc5 58.Bc4 Bb6
59.Kf5 Bd4 60.Kg5 Kc7 61.e6 Bf2 62.Kf6  1-0

[Event "4th ACP World Rapid Cup"]
[Site "Odessa UKR"]
[Date "2010.05.28"]
[Round "3.2"]
[White "Gurevich,M"]
[Black "Jakovenko,D"]
[Result "1/2-1/2"]
[WhiteElo "2614"]
[BlackElo "2725"]

1.d4 d5 2.c4 e6 3.Nf3 Nf6 4.Nc3 Be7 5.Bg5 h6 6.Bh4 O-O 7.e3 Ne4 8.Bxe7 Qxe7
9.Qc2 Nxc3 10.Qxc3 dxc4 11.Qxc4 b6 12.Rc1 c5 13.dxc5 Bb7 14.Be2 Rc8 15.O-O Rxc5
16.Qa4 Nc6 17.a3 Ne5 18.Nxe5 Rxe5 19.Rfd1 Rd5 20.Rxd5 Bxd5 21.Qf4 e5 22.Qf5 Qg5
23.Bg4 Qxf5 24.Bxf5 g6 25.Bg4 f5 26.Be2 Be6 27.Rc6 Kf7 28.Rc7+ Kf6 29.f4 Rd8
30.Kf1 exf4 31.exf4 Rd7 32.Rxd7 Bxd7 33.Bc4 g5 34.g3 gxf4 35.gxf4 a5 36.Kf2 Ke7
37.Ke3 Kd6 38.Kd4 Bc8 39.Bf7 Bd7 40.Kc4 Bc8 41.Kd4 Bd7 42.Bh5 Be6 43.Bg6 Bd7
44.Bf7 Bc8 45.Bg6  1/2-1/2

[Event "4th ACP World Rapid Cup"]
[Site "Odessa UKR"]
[Date "2010.05.29"]
[Round "4.2"]
[White "Karjakin,Sergey"]
[Black "Jakovenko,D"]
[Result "1/2-1/2"]
[WhiteElo "2739"]
[BlackElo "2725"]

1.e4 e5 2.Nf3 Nc6 3.Bb5 Nf6 4.O-O Nxe4 5.d4 Nd6 6.Bxc6 dxc6 7.dxe5 Nf5 8.Qxd8+ Kxd8
9.Nc3 Ke8 10.h3 h5 11.Bf4 Be7 12.Rad1 Bd7 13.Rd2 Rd8 14.Rfd1 Bc8 15.Rxd8+ Bxd8
16.Ne4 f6 17.Bd2 Kf7 18.Bc3 Re8 19.Nc5 Ne7 20.exf6 gxf6 21.Re1 b6 22.Nd3 Nd5
23.Rxe8 Kxe8 24.Bd2 c5 25.Nf4 Nxf4 26.Bxf4 a5 27.Nd2 Bf5 28.c3 a4 29.a3 Kd7
30.f3 Be7 31.g4 Bg6 32.Kf2 b5 33.Ke3 b4 34.cxb4 cxb4 35.axb4 Bxb4 36.Ne4 Be7
37.Nc3 Bc5+ 38.Ke2 hxg4 39.fxg4 Bd4 40.Nxa4 Bc2 41.Nc3 Bxc3 42.bxc3 c6 43.Kf3 Ke6
44.Be3  1/2-1/2

[Event "4th ACP World Rapid Cup"]
[Site "Odessa UKR"]
[Date "2010.05.29"]
[Round "4.6"]
[White "Karjakin, Sergey"]
[Black "Jakovenko, Dmitry"]
[Result "1/2-1/2"]
[WhiteElo "2739"]
[BlackElo "2725"]

1.e4 e5 2.Nf3 Nc6 3.Bb5 Nf6 4.d3 Bc5 5.c3 O-O 6.O-O d6 7.Nbd2 a6 8.Ba4 Ba7
9.h3 Ne7 10.Re1 Ng6 11.d4 b5 12.Bc2 Bb7 13.Nf1 Re8 14.Ng3 h6 15.a4 Bb6 16.Bd2 Qd7
17.Bd3 d5 18.axb5 axb5 19.Rxa8 Bxa8 20.exd5 exd4 21.Rxe8+ Qxe8 22.Nxd4 Bxd4
23.cxd4 Bxd5 24.Qe2 Qa8 25.f3 Qa1+ 26.Kh2 Qxb2 27.Bxb5 Qxd4 28.Bc1 Nh4 29.Qe3 Qxe3
30.Bxe3 c6 31.Bd3 Ng6 32.Bxg6 fxg6 33.Ne2 Kf7 34.Kg3 Nd7 35.Nc3 Ke6 36.Bd4 Kf7
37.Kf4 Bc4 38.Ne4 g5+ 39.Ke3 Bf1 40.Kf2 Bb5 41.Ke3 Kg6 42.Kf2 Nf8 43.Nc5 Kf7
44.Bc3 Ng6 45.Ne4 Nf4 46.Nd6+ Kg6 47.Bd2 Ne6 48.Be3 Bd3 49.Nb7 Nf4 50.Nc5 Bc4
51.Bd4 Bd5 52.Be5 Kf7 53.Bd4 Ng6 54.Ke3 Nh4 55.Kf2 Nf5 56.Bc3 g6 57.Nd3 Ne7
58.Ke3 Ke6 59.g4 Bc4 60.Nc5+ Kd6 61.Ne4+ Ke6 62.Bg7 h5 63.Nxg5+ Kd7 64.Kd4 Bf1
65.Ke5 hxg4 66.hxg4 c5 67.Bf8 c4 68.Kd4 Nc6+ 69.Kc3 Ne5 70.Bg7 Kd6 71.Bh8 Be2
72.Kd4 Nxf3+ 73.Nxf3 Bxf3 74.Kxc4 Bxg4  1/2-1/2

[Event "4th ACP World Rapid Cup"]
[Site "Odessa UKR"]
[Date "2010.05.29"]
[Round "4.4"]
[White "Karjakin,Sergey"]
[Black "Jakovenko,D"]
[Result "1/2-1/2"]
[WhiteElo "2739"]
[BlackElo "2725"]

1.e4 e5 2.Nf3 Nc6 3.Bb5 Nf6 4.d3 Bc5 5.c3 O-O 6.O-O d6 7.Nbd2 a6 8.Ba4 Ba7
9.h3 Ne7 10.Re1 Ng6 11.Nf1 c6 12.Ng3 d5 13.exd5 Nxd5 14.d4 exd4 15.Nxd4 Re8
16.Rxe8+ Qxe8 17.Bc2 Bd7 18.Bd2 Qe5 19.Ndf5 Re8 20.Qf1 Qb8 21.Re1 Ndf4 22.Rxe8+ Qxe8
23.Qc4 Qe5 24.Qe4 Qxe4 25.Bxe4 Bb8 26.Kf1 Ne6 27.Bc2 Kf8 28.Ne4 Ne7 29.Nxe7 Kxe7
30.Ke2 h6 31.Be3 f5 32.Nc5 Nxc5 33.Bxc5+ Kf7 34.Bb3+ Be6 35.Bxe6+ Kxe6 36.Kd3 g6
37.f3 Kd5 38.Be3 h5 39.Bf2 Bc7 40.Be3  1/2-1/2

[Event "4th ACP World Rapid Cup"]
[Site "Odessa UKR"]
[Date "2010.05.29"]
[Round "4.7"]
[White "Karjakin,Sergey"]
[Black "Jakovenko,D"]
[Result "1-0"]
[WhiteElo "2739"]
[BlackElo "2725"]

1.e4 e5 2.Nf3 Nc6 3.Bb5 Nf6 4.d3 Bc5 5.c3 O-O 6.O-O d6 7.Nbd2 a6 8.Ba4 Ba7
9.h3 Ne7 10.d4 Ng6 11.Re1 b5 12.Bc2 Bb7 13.Nf1 Re8 14.Ng3 d5 15.exd5 exd4
16.Rxe8+ Qxe8 17.Nxd4 Nxd5 18.Bd2 Ndf4 19.Bxg6 Nxg6 20.Qh5 Qd7 21.Ngf5 c5
22.Nf3 Re8 23.Be3 h6 24.Qg4 Bc8 25.N3h4 Re5 26.Rd1 Qe8 27.Qf3 Nxh4 28.Nxh4 Bb8
29.g4 g5 30.Nf5 Bxf5 31.gxf5 Bc7 32.h4 Qe7 33.hxg5 hxg5 34.Kg2 Qf6 35.Rh1 Rxf5
36.Qa8+ Qd8 37.Qe4 Qd5 38.f3 Qxe4 39.fxe4 Re5 40.Kf3 f5 41.exf5 Rxf5+ 42.Kg4 Re5
43.Bxg5 Kg7 44.Rd1 Kg6 45.Bc1 Re2 46.Rd7 Bh2 47.Ra7 Rg2+ 48.Kf3 Rc2 49.Rxa6+ Kf5
50.Be3 Rxb2 51.Bxc5 Be5 52.Bb4 Rc2 53.Ke3 Bf4+ 54.Kd4 Be5+ 55.Kd3 Rg2 56.a3 Rg8
57.Rb6 Rb8 58.Rc6 Rd8+ 59.Kc2 Ke4 60.Kb3 Rb8 61.Rc5 Rb7 62.Ba5 Rb8 63.Rxe5+  1-0

[Event "11th Karpov"]
[Site "Poikovsky RUS"]
[Date "2010.06.04"]
[Round "3"]
[White "Naiditsch,A"]
[Black "Jakovenko,D"]
[Result "1/2-1/2"]
[WhiteElo "2686"]
[BlackElo "2725"]

1.e4 e5 2.Nf3 Nc6 3.Bb5 Nf6 4.O-O Nxe4 5.d4 Nd6 6.Bxc6 dxc6 7.dxe5 Nf5 8.Qxd8+ Kxd8
9.Nc3 Ke8 10.Bf4 Be6 11.a3 h6 12.Rad1 Rd8 13.h3 Bc5 14.Rxd8+ Kxd8 15.g4 Ne7
16.Na4 Bb6 17.Nxb6 axb6 18.Nd4 Bd7 19.Bg3 c5 20.Ne2 h5 21.f3 hxg4 22.hxg4 Nc6
23.Nf4 Nxe5 24.Nh5 Nc4 25.Nxg7 Rh6 26.Rd1 Nxb2 27.Rd5 Nc4 28.Rh5 Rxh5 29.gxh5 Ke7
30.h6 Kf8 31.Bxc7 Ba4 32.Nh5 Bxc2 33.Nf6 b5 34.Nd7+  1/2-1/2

[Event "11th Karpov"]
[Site "Poikovsky RUS"]
[Date "2010.06.06"]
[Round "5"]
[White "Sokolov,Ivan"]
[Black "Jakovenko,D"]
[Result "1-0"]
[WhiteElo "2654"]
[BlackElo "2725"]

1.d4 Nf6 2.c4 e6 3.Nc3 Bb4 4.e3 O-O 5.Ne2 d5 6.a3 Bd6 7.Ng3 Nbd7 8.cxd5 exd5
9.Nf5 Nb6 10.Nxd6 Qxd6 11.Bd3 Be6 12.a4 Rfe8 13.a5 Nc8 14.Qc2 Qd7 15.f3 Nd6
16.g4 Rac8 17.g5 Nh5 18.Bxh7+ Kh8 19.Bd3 c5 20.dxc5 d4 21.cxd6 dxc3 22.bxc3 Nf4
23.Be4 Nh3 24.Ra4 Nxg5 25.Rg1 f6 26.Rd4 Rc4 27.Ba3 Rec8 28.Bb4 Rxd4 29.exd4 Re8
30.Kd1 Nxe4 31.fxe4 Bg8 32.Kc1 Bh7 33.Re1 b6 34.a6 Qb5 35.Qe2 Qa4 36.Kb2 Rxe4
37.Qxe4 Bxe4 38.Rxe4 Kh7 39.Re7 Qd1 40.d7 Qd2+ 41.Ka3 b5 42.Ba5  1-0

[Event "11th Karpov"]
[Site "Poikovsky RUS"]
[Date "2010.06.09"]
[Round "7"]
[White "Karjakin,Sergey"]
[Black "Jakovenko,D"]
[Result "1/2-1/2"]
[WhiteElo "2739"]
[BlackElo "2725"]

1.e4 e5 2.Nf3 Nc6 3.Bb5 Nf6 4.O-O Nxe4 5.d4 Nd6 6.Bxc6 dxc6 7.dxe5 Nf5 8.Qxd8+ Kxd8
9.Nc3 Ke8 10.h3 h5 11.Bf4 Be7 12.Rad1 Bd7 13.Ne2 Be6 14.Ned4 Nxd4 15.Nxd4 Bd5
16.Nf5 Kf8 17.Nxe7 Kxe7 18.Rd4 Rhe8 19.Bg5+ f6 20.exf6+ gxf6 21.Bh4 Rg8 22.f3 Kf7
23.Kh2 Rae8 24.Rf2 Rg6 25.Rf4 Rh6 26.Bg3 Re7 27.b3 Rh8 28.Bh4 Rh6 29.Rd2 b6
30.Bf2 Be6 31.Rd8 Re8 32.Rxe8 Kxe8 33.Bg3 Kd8 34.Rd4+ Kc8 35.Bh4 c5 36.Rd2 a5
37.Kg3 c4 38.Kf4 cxb3 39.cxb3 Bd7 40.Be1 Kd8 41.h4 Rg6 42.g3 Ke7 43.Re2+ Be6
44.Bc3  1/2-1/2

[Event "11th Karpov"]
[Site "Poikovsky RUS"]
[Date "2010.06.11"]
[Round "9"]
[White "Jakovenko,D"]
[Black "Riazantsev,A"]
[Result "1/2-1/2"]
[WhiteElo "2725"]
[BlackElo "2674"]

1.c4 Nf6 2.Nc3 d5 3.cxd5 Nxd5 4.g3 g6 5.Bg2 Nxc3 6.bxc3 Bg7 7.Rb1 Nd7 8.Nf3 O-O
9.O-O c5 10.d4 Nb6 11.Qc2 cxd4 12.Nxd4 e5 13.Nb5 Bf5 14.e4 Be6 15.Rd1  1/2-1/2

[Event "39th Olympiad Men"]
[Site "Khanty-Mansiysk RUS"]
[Date "2010.09.23"]
[Round "3"]
[White "Jakovenko,D"]
[Black "Dominguez Perez,L"]
[Result "1/2-1/2"]
[WhiteElo "2726"]
[BlackElo "2716"]

1.d4 d5 2.Nf3 Nf6 3.c4 c6 4.Nc3 a6 5.a4 e6 6.Bg5 Nbd7 7.e3 Qa5 8.cxd5 cxd5
9.Bd3 Ne4 10.O-O Nxg5 11.Nxg5 Nf6 12.Nf3 Bb4 13.Qc2 Bd7 14.Ne5 Rc8 15.Rfc1 Rc7
16.Qb3 O-O 17.Nxd7 Nxd7 18.Na2 Bd6 19.Rxc7 Qxc7 20.g3  1/2-1/2

[Event "39th Olympiad Men"]
[Site "Khanty-Mansiysk RUS"]
[Date "2010.09.27"]
[Round "6"]
[White "Jakovenko,D"]
[Black "Papaioannou,I"]
[Result "1-0"]
[WhiteElo "2726"]
[BlackElo "2622"]

1.d4 Nf6 2.c4 e6 3.Nf3 c5 4.d5 d6 5.Nc3 exd5 6.cxd5 g6 7.Bf4 a6 8.a4 Bg7
9.h3 O-O 10.e3 Re8 11.Nd2 Nbd7 12.Be2 Ne5 13.O-O Nfd7 14.Bg3 f5 15.Qc2 Kh8
16.b3 Rb8 17.Nc4 Qf6 18.Rac1 b6 19.Qd2 Qe7 20.Rfe1 Nxc4 21.bxc4 Ne5 22.Bf1 Bd7
23.Rb1 Qf6 24.Rb3 g5 25.Reb1 Ng6 26.Ne2 b5 27.axb5 axb5 28.cxb5 c4 29.Ra3 f4
30.exf4 gxf4 31.Nxf4 c3 32.Nxg6+ Qxg6 33.Qa2 Rec8 34.Bf4 h6 35.Ra6 c2 36.Rc1 Bxb5
37.Bxb5 Rxb5 38.Rc6 Rc5 39.Be3 Qd3 40.Bxc5 Rxc6 41.dxc6 Qd1+ 42.Kh2 Qxc1
43.c7 Be5+ 44.g3 Bxg3+ 45.Kg2 Qg1+ 46.Kxg1 c1=Q+ 47.Kg2 Qxc5 48.Qf7 Bxf2
49.Qf8+  1-0

[Event "63rd ch-RUS"]
[Site "Moscow RUS"]
[Date "2010.12.12"]
[Round "2"]
[White "Jakovenko,D"]
[Black "Malakhov,V"]
[Result "1/2-1/2"]
[WhiteElo "2726"]
[BlackElo "2712"]

1.e4 e5 2.Nf3 Nc6 3.Bb5 Nf6 4.O-O Nxe4 5.d4 Be7 6.Qe2 Nd6 7.Bxc6 bxc6 8.dxe5 Nb7
9.Nc3 O-O 10.Re1 Nc5 11.Be3 Ne6 12.Rad1 d5 13.exd6 cxd6 14.Nd4 Bd7 15.Nf5 d5
16.Nxe7+ Qxe7 17.Qd2 Rfe8 18.Ne2 Qf6 19.c4 Red8 20.cxd5 cxd5 21.Nd4 Qg6 22.Rc1 Nxd4
23.Bxd4 Bh3 24.f3 Rdc8 25.Kh1 Be6 26.Qf4 h6 27.h4 a6 28.Qe5 Kh7 29.Kh2 Rxc1
30.Rxc1 Rc8 31.Rxc8 Bxc8 32.b4 Bd7 33.Qxd5 Be6 34.Qa5 Bc4 35.Qe5 Bxa2 36.Qe4  1/2-1/2

[Event "63rd ch-RUS"]
[Site "Moscow RUS"]
[Date "2010.12.13"]
[Round "3"]
[White "Vitiugov,N"]
[Black "Jakovenko,D"]
[Result "1/2-1/2"]
[WhiteElo "2709"]
[BlackElo "2726"]

1.d4 d5 2.c4 c6 3.Nf3 Nf6 4.Nc3 dxc4 5.a4 e6 6.e3 c5 7.Bxc4 Nc6 8.O-O cxd4
9.exd4 Be7 10.Bg5 O-O 11.Re1 Bd7 12.Qe2 Nb4 13.Ne5 Rc8 14.Rad1 Nfd5 15.Nxd5 Nxd5
16.Bxd5 Bxg5 17.Bxb7 Bxa4 18.Ra1 Rc7 19.Be4 Be8 20.Qd3 g6 21.d5 exd5 22.Bxd5 Bf6
23.Rad1 Bxe5 24.Rxe5 Qf6 25.Qe3 Bc6  1/2-1/2

[Event "63rd ch-RUS"]
[Site "Moscow RUS"]
[Date "2010.12.16"]
[Round "6"]
[White "Jakovenko,D"]
[Black "Zvjaginsev,V"]
[Result "1/2-1/2"]
[WhiteElo "2726"]
[BlackElo "2676"]

1.e4 d6 2.d4 Nf6 3.Nc3 g6 4.f4 Bg7 5.Nf3 O-O 6.Bd3 Na6 7.O-O c5 8.d5 Bg4
9.Bc4 Nc7 10.Qd3 a6 11.a4 Bxf3 12.Rxf3 Ng4 13.Ne2 b5 14.axb5 axb5 15.Rxa8 Qxa8
16.Bxb5 f5 17.Bc4 fxe4 18.Qxe4 e6 19.Ra3 Qb7 20.h3 Nf6 21.Qf3 exd5 22.Nc3 Kh8
23.Kh2 g5 24.Nxd5 Nfxd5 25.Rd3 gxf4 26.Bxd5 Nxd5 27.Qxd5 Qxd5 28.Rxd5 Be5
29.Kg1 f3 30.Be3 fxg2  1/2-1/2

[Event "63rd ch-RUS"]
[Site "Moscow RUS"]
[Date "2010.12.18"]
[Round "7"]
[White "Kurnosov,I"]
[Black "Jakovenko,D"]
[Result "1-0"]
[WhiteElo "2676"]
[BlackElo "2726"]

1.e4 e5 2.Nf3 Nc6 3.Bb5 Nf6 4.d3 d6 5.O-O Be7 6.c3 O-O 7.Re1 a6 8.Ba4 b5
9.Bc2 d5 10.Bg5 Bg4 11.Nbd2 d4 12.h3 Be6 13.cxd4 exd4 14.Bb3 Qd7 15.Rc1 h6
16.Bh4 Rac8 17.e5 Nd5 18.Rxc6 Qxc6 19.Bxd5 Qxd5 20.Bxe7 Rfe8 21.Bh4 Qxa2
22.Qc1 Bf5 23.Ne4 Bxe4 24.Rxe4 f5 25.exf6 Rxe4 26.dxe4 d3 27.fxg7 Qe6 28.Qe3 c5
29.Qxd3 c4 30.Qe3 b4 31.Nd4 Qb6 32.e5 c3 33.bxc3 b3 34.Nxb3 Qxe3 35.fxe3 Kxg7
36.e6  1-0

[Event "63rd ch-RUS"]
[Site "Moscow RUS"]
[Date "2010.12.19"]
[Round "8"]
[White "Jakovenko,D"]
[Black "Nepomniachtchi,I"]
[Result "1/2-1/2"]
[WhiteElo "2726"]
[BlackElo "2720"]

1.Nf3 Nf6 2.c4 g6 3.Nc3 d5 4.cxd5 Nxd5 5.Qb3 Nb6 6.d4 Bg7 7.e4 O-O 8.Be3 Bg4
9.Rd1 Nc6 10.d5 Ne5 11.Be2 Bxf3 12.gxf3 Qc8 13.f4 Ng4 14.Bc5 Re8 15.h3 Nh6
16.h4 c6 17.h5 cxd5 18.Bxb6 axb6 19.hxg6 hxg6 20.Nxd5 Qc5 21.f5 e6 22.fxg6 exd5
23.Rxh6 Rxe4 24.gxf7+ Kf8 25.Rh5 Rf4 26.Qg3 Rxf7 27.Rhxd5 Qc7 28.Qh4 Bf6
29.Qh6+ Bg7 30.Qg5 Bf6 31.Qh6+ Bg7 32.Qh4 Bf6 33.Qb4+ Be7 34.Qg4 Qf4 35.Qxf4 Rxf4
36.Kf1 Rxa2 37.R1d2 Bf6 38.Rb5 Bd4 39.Bd3 Bc5 40.Kg2 Rg4+ 41.Kf3 Raa4 42.Ke2 Raf4  1/2-1/2

[Event "63rd ch-RUS"]
[Site "Moscow RUS"]
[Date "2010.12.20"]
[Round "9"]
[White "Karjakin,Sergey"]
[Black "Jakovenko,D"]
[Result "1/2-1/2"]
[WhiteElo "2760"]
[BlackElo "2726"]

1.e4 e5 2.Nf3 Nc6 3.Bb5 Nf6 4.O-O Nxe4 5.Re1 Nd6 6.Nxe5 Be7 7.Bf1 Nf5 8.Nf3 d5
9.d4 O-O 10.c3 Bd6 11.Bd3 Nce7 12.Nbd2 Ng6 13.g3 Re8 14.Rxe8+ Qxe8 15.Nf1 h6
16.Bd2 Nfe7 17.h4 Bf5 18.Qc2 Bxd3 19.Qxd3 Qd7 20.Re1 Qh3 21.N1h2 c6 22.Qf1 Qxf1+
23.Nxf1 h5 24.Ne3 f6 25.Kf1 Kf7 26.Ke2 Nf8 27.Kd3 Ne6 28.Rh1 Rh8 29.Ng2 Bc7
30.b3 Rd8 31.Ne3 Rh8 32.Ng2 Nf5 33.Ne3 Nxe3 34.Bxe3 Rd8 35.Ng1 Rh8 36.Ne2 g5
37.c4 Kg6 38.f3 Ng7 39.Bf2 g4 40.f4 Nf5 41.Rc1 Rd8 42.c5 Kf7 43.a3 Ke6 44.Nc3 Kd7
45.Nd1 Re8 46.Ne3 Nxe3 47.Bxe3 f5  1/2-1/2

[Event "63rd ch-RUS"]
[Site "Moscow RUS"]
[Date "2010.12.21"]
[Round "10"]
[White "Jakovenko,D"]
[Black "Svidler,P"]
[Result "1/2-1/2"]
[WhiteElo "2726"]
[BlackElo "2722"]

1.Nf3 g6 2.e4 Bg7 3.d4 d6 4.c3 Nf6 5.Bd3 O-O 6.O-O Nc6 7.d5 Nb8 8.c4 c6 9.Nc3 Bg4
10.h3 Bxf3 11.Qxf3 Na6 12.Be3 Nd7 13.Rfc1 Ne5 14.Qd1 Nxd3 15.Qxd3 Nc5 16.Qe2 Nd7
17.Rab1 a5 18.Na4 Rb8 19.b3 Re8 20.Rc2 Qc7 21.Rd1 Rec8 22.Rcc1 Qd8 23.Ba7 Ra8
24.Be3 Rab8 25.dxc6 Rxc6 26.c5 Qc7 27.cxd6 exd6 28.Rxc6 bxc6 29.Qd3 Bf8 30.Bf4 Ne5
31.Bxe5 dxe5 32.Qd7 Qxd7 33.Rxd7 Rb4 34.f3 c5 35.Nb2 a4 36.Nxa4 c4 37.Nc3 cxb3
38.axb3 Rxb3 39.Nd5 h5  1/2-1/2

[Event "ch-RUS Rapid"]
[Site "Olginka RUS"]
[Date "2011.04.25"]
[Round "1"]
[White "Jakovenko,D"]
[Black "Danin,A"]
[Result "1-0"]
[WhiteElo "2718"]
[BlackElo "2543"]

1.d4 Nf6 2.Nf3 d5 3.c4 c6 4.Nc3 dxc4 5.a4 e6 6.e3 c5 7.Bxc4 Nc6 8.O-O cxd4
9.exd4 Be7 10.Re1 O-O 11.Bg5 Bd7 12.Qe2 Nb4 13.Ne5 Rc8 14.h4 Be8 15.Rad1 Nbd5
16.Rd3 Bc6 17.Rg3 Kh8 18.Bd3 Be8 19.Bb1 Qa5 20.Qd3 g6 21.Rf3 Ng8 22.Bxe7 Ndxe7
23.h5 Rd8 24.hxg6 hxg6 25.Qe3 Kg7 26.Rh3 Nc6 27.Qf4 Nxe5 28.dxe5 Bc6 29.Qh4 Rfe8
30.Qh8+ Kf8 31.Rh7 Ke7 32.Qg7 Kd7 33.Qxf7+ Re7 34.Qxg6 Kc7 35.Qxe6 Qb4 36.Rxe7+ Nxe7
37.Be4 Qc5 38.Bxc6 Nxc6 39.Qf6 Rf8 40.Ra1 Rh8 41.Nb1 Nb8  1-0

[Event "ch-RUS Rapid"]
[Site "Olginka RUS"]
[Date "2011.04.25"]
[Round "2"]
[White "Matlakov,M"]
[Black "Jakovenko,D"]
[Result "0-1"]
[WhiteElo "2625"]
[BlackElo "2718"]

1.d4 d5 2.c4 c6 3.Nf3 Nf6 4.Qb3 dxc4 5.Qxc4 Bf5 6.g3 e6 7.Bg2 Nbd7 8.O-O Be7
9.e3 O-O 10.Rd1 Qc7 11.Qe2 e5 12.Nc3 e4 13.Nh4 Bg4 14.f3 exf3 15.Bxf3 Bxf3
16.Qxf3 c5 17.Nf5 Rfe8 18.g4 cxd4 19.exd4 Qc6 20.Qxc6 bxc6 21.g5 Nd5 22.Nxd5 cxd5
23.Bf4 Nf8 24.h4 Bd8 25.Re1 Bb6 26.Kg2 Rxe1 27.Rxe1 Ne6 28.Be5 Rd8 29.b4 g6
30.Ne7+ Kf8 31.Nc6 Rc8 32.b5 a6 33.a4 axb5 34.axb5 Ra8 35.Rc1 Ra2+ 36.Kh1 Ra4
37.Bf6 Ke8 38.Nb8 Rc4 39.Rxc4 dxc4 40.d5 Nc5 41.d6 Nd7 42.Nc6 Nxf6 43.gxf6 c3
44.Ne5 c2 45.d7+ Kd8 46.Nxf7+ Kxd7 47.Ne5+ Ke6 48.Nd3 Kxf6 49.Kg2 Be3  0-1

[Event "ch-RUS Rapid"]
[Site "Olginka RUS"]
[Date "2011.04.25"]
[Round "3"]
[White "Jakovenko,D"]
[Black "Riazantsev,A"]
[Result "1/2-1/2"]
[WhiteElo "2718"]
[BlackElo "2679"]

1.Nf3 Nf6 2.c4 e6 3.Nc3 d5 4.d4 Be7 5.Bg5 h6 6.Bh4 O-O 7.e3 b6 8.Bd3 Bb7
9.O-O Nbd7 10.cxd5 Nxd5 11.Bg3 Bd6 12.Nxd5 Bxd5 13.e4 Bb7 14.e5 Be7 15.Bc2 Re8
16.Qd3 Nf8 17.Rfd1 Qd7 18.h4 Red8 19.h5 c5 20.dxc5 Qc6 21.Qe2 Bxc5 22.Bh4 Rxd1+
23.Rxd1 Rc8 24.Bb3 a5 25.a3 b5 26.Bg3 a4 27.Ba2 b4 28.axb4 Bxb4 29.Bb1 Be7
30.Ne1 Rb8 31.Qc2 Qb5 32.Qc7 Re8 33.Bd3 Qc6 34.Rc1 Qd5 35.Qc4 Ra8 36.Qxd5 Bxd5
37.Bb5 Ra5 38.Be8 Ra8 39.Bb5 Ra5 40.Be8  1/2-1/2

[Event "ch-RUS Rapid"]
[Site "Olginka RUS"]
[Date "2011.04.25"]
[Round "5"]
[White "Jakovenko,D"]
[Black "Vitiugov,N"]
[Result "1/2-1/2"]
[WhiteElo "2718"]
[BlackElo "2720"]

1.c4 e5 2.g3 Nf6 3.Bg2 d5 4.cxd5 Nxd5 5.Nf3 Nc6 6.O-O Nb6 7.d3 Be7 8.Nbd2 O-O
9.b3 Re8 10.Bb2 Bd6 11.Rc1 Qe7 12.Ne4 Ba3 13.Qc2 Bxb2 14.Qxb2 a5 15.Nc5 Nd7
16.Na4 Nf6 17.Ng5 Nd4 18.e3 Nb5 19.Rc5 Nd7 20.Rxb5 c6 21.Nb6 Nxb6 22.Rxb6 Qxg5
23.b4 Qd8 24.bxa5 Qxd3 25.Qb4 e4 26.Rc1 Qd5 27.a6 Rxa6 28.Rxa6 bxa6 29.a3 a5
30.Qb6 Bd7 31.h3 h6 32.Bf1 Qe5 33.Qc5 g6 34.h4 h5 35.Qa7 Qd5 36.Qb6 Qd2 37.Qb1 Qd6
38.Rd1 Qe7 39.Qb6 Bg4 40.Ra1 Qe5 41.Rc1 Rb8 42.Qxc6 Rb2 43.Bg2 Qf5 44.Rf1 Bf3
45.Qc3 Bxg2 46.Kxg2 Qf3+ 47.Kg1 Rb5 48.Qd2 Kh7  1/2-1/2

[Event "ch-RUS Rapid"]
[Site "Olginka RUS"]
[Date "2011.04.25"]
[Round "6"]
[White "Lastin,A"]
[Black "Jakovenko,D"]
[Result "1/2-1/2"]
[WhiteElo "2617"]
[BlackElo "2718"]

1.Nf3 c5 2.e4 Nc6 3.Nc3 g6 4.d4 cxd4 5.Nxd4 Bg7 6.Be3 Nf6 7.Bc4 O-O 8.Bb3 d6
9.f3 Bd7 10.Qd2 Nxd4 11.Bxd4 b5 12.a4 bxa4 13.Nxa4 Be6 14.Bxe6 fxe6 15.O-O Nd7
16.Bxg7 Kxg7 17.Kh1 Qc7 18.Nc3 Ne5 19.Ne2 Nc6 20.Nf4 Qd7 21.Nd3 e5 22.c3 Qb7
23.b4 a5 24.h3 axb4 25.Nxb4 Nxb4 26.cxb4 Rxa1 27.Rxa1 Rb8 28.Rb1 Qb5 29.Qc3 Kf7
30.Qb3+ Kf6 31.Qc3 Kf7 32.Qb3+ Kf6 33.Qc3 Kf7  1/2-1/2

[Event "ch-RUS Rapid"]
[Site "Olginka RUS"]
[Date "2011.04.26"]
[Round "7"]
[White "Jakovenko,D"]
[Black "Frolyanov,D"]
[Result "1-0"]
[WhiteElo "2718"]
[BlackElo "2610"]

1.d4 d5 2.Nf3 Nf6 3.c4 e6 4.Nc3 dxc4 5.e4 Bb4 6.Bg5 c5 7.Bxc4 cxd4 8.Nxd4 Bxc3+
9.bxc3 Qa5 10.Bb5+ Bd7 11.Bxf6 gxf6 12.Bxd7+ Nxd7 13.O-O a6 14.Rb1 Qc7 15.Qh5 Nc5
16.Rfe1 Qe5 17.Qh6 Qg5 18.Qh3 h5 19.Qf3 O-O-O 20.Rb4 Rd7 21.Rc4 Rc7 22.Nb3 Rd8
23.Rxc5 Rxc5 24.Nxc5 Qxc5 25.Qxf6 Qc4 26.h4 Rd7 27.Qh8+ Kc7 28.Qxh5 Qxa2
29.Qc5+ Kb8 30.h5 Qd2 31.Qe3 Qxe3 32.Rxe3 a5 33.Kh2 Kc7 34.h6 f6 35.Rh3 Rh7
36.Kg3 Kd6 37.Kg4 Ke7 38.Kh5 Rh8 39.Rg3 a4 40.Rg7+ Kd6 41.Rxb7 Ra8 42.h7 a3
43.Rb1  1-0

[Event "ch-RUS Rapid"]
[Site "Olginka RUS"]
[Date "2011.04.26"]
[Round "9"]
[White "Jakovenko,D"]
[Black "Rublevsky,S"]
[Result "1-0"]
[WhiteElo "2718"]
[BlackElo "2678"]

1.d4 d5 2.Nf3 Nf6 3.c4 c6 4.Nc3 dxc4 5.a4 e6 6.e3 c5 7.Bxc4 cxd4 8.Qxd4 Qxd4
9.Nxd4 a6 10.e4 Bd7 11.f3 Nc6 12.Nxc6 Bxc6 13.Be3 Rc8 14.Be2 Bb4 15.Kf2 Ke7
16.Na2 Bd6 17.Nc1 Bd7 18.Nd3 e5 19.b4 Rc2 20.Nc5 Bc8 21.Rhc1 Rxc1 22.Rxc1 Nd7
23.Bc4 Bxc5 24.bxc5 Nb8 25.Rb1 Nc6 26.Rb6 Nd8 27.Bd5 f6 28.f4 exf4 29.Bxf4 Kd7
30.e5 fxe5 31.Bxe5 Rf8+ 32.Ke3 g6 33.Rd6+ Ke7 34.Bg7 Rf1 35.Ke2 Rf5 36.g4 Rxd5
37.Rxd5 Bxg4+ 38.Ke3 Nc6 39.Bc3 Bd7 40.Kf4 Bf5 41.Rd2 Ke6 42.Kg5 h5 43.h4 Nb8
44.Rd6+ Ke7 45.Bf6+ Kf7 46.Kf4 Nd7 47.Bd4 Ke7 48.a5 Nf8 49.Be3 Nd7 50.Bd4 Nf8
51.Rb6 Ne6+ 52.Ke3 Kd7 53.Rxb7+ Kc6 54.Rb6+ Kd5 55.Rd6+ Kc4 56.c6 Nc7 57.Bb6 Nd5+
58.Kf2 Nc3 59.Rd8  1-0

[Event "ch-RUS Rapid"]
[Site "Olginka RUS"]
[Date "2011.04.26"]
[Round "10"]
[White "Jakovenko,D"]
[Black "Tomashevsky,E"]
[Result "1/2-1/2"]
[WhiteElo "2718"]
[BlackElo "2707"]

1.Nf3 Nf6 2.c4 c5 3.Nc3 Nc6 4.g3 d6 5.Bg2 g6 6.d4 cxd4 7.Nxd4 Bd7 8.O-O Bg7
9.Nc2 O-O 10.Bg5 Rc8 11.Rc1 a6 12.b3 h6 13.Bd2 Re8 14.Ne3 e6 15.Ne4 Nxe4
16.Bxe4 b5 17.Bc3 Qe7 18.Bxg7 Kxg7 19.Qd2 bxc4 20.Nxc4 d5 21.Nb6 dxe4 22.Nxd7 e5
23.Nb6 Rcd8 24.Qe3 Nd4 25.Qxe4 f5 26.Qd3 e4 27.Qxa6 e3 28.f3 Rd6 29.Rfe1 Rb8
30.Nc8 Rxa6 31.Nxe7 Rxa2 32.Rc7 Kf6 33.Nd5+ Ke5 34.Nxe3 Rxb3 35.Nc4+  1/2-1/2

[Event "ch-RUS Rapid"]
[Site "Olginka RUS"]
[Date "2011.04.26"]
[Round "11"]
[White "Inarkiev,E"]
[Black "Jakovenko,D"]
[Result "1/2-1/2"]
[WhiteElo "2674"]
[BlackElo "2718"]

1.e4 e5 2.Nf3 Nc6 3.Bb5 Nf6 4.d3 Bc5 5.Bxc6 dxc6 6.h3 Bd6 7.Bg5 h6 8.Be3 c5
9.Nbd2 Be6 10.Nc4 Bxc4 11.dxc4 Nxe4 12.Qd5 Nf6 13.Qxb7 O-O 14.Qa6 Rb8 15.Qa3 Qe7
16.Nd2 Nd7 17.g4 Qe6 18.O-O-O e4 19.Rhe1 Rfe8 20.Qa5 Be5 21.c3 Bd6 22.Qa4 Nb6
23.Qa6 Nd7 24.Qa4 Nb6 25.Qa6 Nd7 26.Qa4 Nb6 27.Qa6 Nd7 28.Qa4 Nb6  1/2-1/2

[Event "FIDE World Cup 2011"]
[Site "Khanty-Mansiysk RUS"]
[Date "2011.08.31"]
[Round "2.1"]
[White "Harikrishna,P"]
[Black "Jakovenko,D"]
[Result "0-1"]
[WhiteElo "2669"]
[BlackElo "2736"]

1.d4 d5 2.c4 c6 3.Nf3 Nf6 4.Nc3 dxc4 5.a4 e6 6.e3 c5 7.Bxc4 Nc6 8.O-O cxd4
9.exd4 Be7 10.Qe2 O-O 11.Rd1 Nd5 12.Bb3 Ncb4 13.Ne5 Bd7 14.Qg4 Nf6 15.Qg3 Be8
16.Bh6 Nh5 17.Qh3 f6 18.Qxe6+ Kh8 19.Be3 fxe5 20.dxe5 Qc7 21.Nb5 Bxb5 22.axb5 Nf4
23.b6 Nxe6 24.bxc7 Nc5 25.Bxc5 Bxc5 26.Rac1 Bxf2+ 27.Kh1 Be3 28.Rc3 Bd4 29.c8=Q Raxc8
30.Rxc8 Rxc8 31.Rxd4 Nc6 32.Rc4 Re8 33.h3 Rxe5 34.Rf4 h5 35.Rf7 Ne7 36.Rf8+ Kh7
37.Rd8 a5 38.Bc2+ g6 39.Bd3 b5 40.Rb8 b4 41.Rb6 Kg7 42.Kg1 Rd5 43.Be4 Rd4
44.Bf3 Rd2 45.Rb5 Rxb2 46.Rxa5 h4 47.Ra6 Kh6 48.Be4 Kg5 49.Rb6 Nf5 50.Bd3 b3
51.Kh2 Ne3 52.Rxg6+ Kf4 53.Rg8 Rd2 54.Bh7 b2 55.Rf8+ Kg5 56.Rg8+ Kh6 57.Be4 Nf1+
58.Kg1 Ng3 59.Bg6 Rd6 60.Rb8 Rd1+ 61.Kf2 Rd2+  0-1

[Event "FIDE World Cup 2011"]
[Site "Khanty-Mansiysk RUS"]
[Date "2011.09.01"]
[Round "2.2"]
[White "Jakovenko,D"]
[Black "Harikrishna,P"]
[Result "1/2-1/2"]
[WhiteElo "2736"]
[BlackElo "2669"]

1.d4 d5 2.c4 dxc4 3.Nf3 Nf6 4.e3 e6 5.Bxc4 a6 6.O-O Nbd7 7.Qe2 b5 8.Bd3 c5
9.Nbd2 Bb7 10.b3 cxd4 11.Nxd4 e5 12.Nf5 Nc5 13.Bb1 g6 14.Ng3 Bg7 15.Bb2 Qd5
16.f3 Qe6 17.Rc1 Ncd7 18.Ba3 Bf8 19.Bxf8 Kxf8 20.Be4 Nd5 21.Bxd5 Bxd5 22.Nde4 Kg7
23.Nc5 Nxc5 24.Rxc5 Rac8 25.Rxc8 Rxc8 26.Rd1 h5 27.Qd3 Bb7 28.h4 Qe7 29.Qd7 Kf8
30.Qxe7+ Kxe7 31.Rd2 b4 32.e4 Rc5 33.Nf1 Bc8 34.Ne3 Be6 35.Kf2 a5 36.g4 hxg4
37.fxg4 Kf6 38.Rd6 a4 39.bxa4 Ra5 40.Rd2 Rxa4 41.Nd5+ Kg7 42.g5 Kf8 43.Re2 Bxd5
44.exd5 Ke7 45.Rxe5+ Kd6 46.Re2 Kxd5 47.Kg3 Ra7 48.Rf2 Rc7 49.Kg4 Rc4+ 50.Kg3 Rc3+
51.Kg4 Rc4+ 52.Kg3 Rc3+ 53.Kg4  1/2-1/2